|
|
|
|
| LEADER |
00000cam a2200000 7i4500 |
| 001 |
0000008931 |
| 005 |
20150818.0 |
| 020 |
|
|
|a 0582100593
|
| 040 |
|
|
|a INS
|
| 090 |
0 |
0 |
|a GV75
|b B29 1988
|
| 100 |
0 |
|
|a Badmin, Pat
|
| 245 |
0 |
0 |
|a Leisure operational management
|c by Pat Badmin, Martyn Coombs and Graham Rayner
|
| 250 |
|
|
|a 2nd ed.
|
| 260 |
|
|
|a London :
|b Longman ,
|c 1988
|
| 300 |
|
|
|a 188p. ;
|c 18cm.
|
| 650 |
|
0 |
|a Recreation centers
|z Great Britain
|x Management
|
| 650 |
0 |
0 |
|a Leisure management
|
| 700 |
1 |
|
|a Coombs, Martyn
|
| 700 |
1 |
|
|a Rayner, Graham
|
| 999 |
|
|
|a 0000022464
|b BOOK
|c Open Shelf
|e Default branch
|